000
00333nam a2200157Ia 4500
001
8707
003
GE_BSU
008
181216s||||||||xx |||||||||||||| ||und||
040
_c
GE_BSU
245
_a
Le point. №2150. 9 janvier 2014
260
_a
Paris
260
_c
2014
300
_a
98p.27cm.
653
_a
Le point
942
_c
CR
999
_c
42019
_d
42019